Loading...
| Science - Chemistry | 2 | 5 | 1 | 1 | 75 | 47 | 95.43 | 2 | 2 | 0.00 | 0.00 |
| Science - Biology | 0 | 6 | 0 | 0 | 60 | 84 | 101.17 | 0 | 3 | 0.00 | 0.00 |
| Science - Physics | 0 | 5 | 1 | 1 | 45 | 78 | 125.00 | 1 | 2 | 0.00 | 0.00 |
| Science - Other | 1 | 3 | 1 | 1 | 40 | 47 | 89.50 | 0 | 0 | 0.00 | 0.00 |
| Fine Arts - Visual | 1 | 2 | 0 | 2 | 35 | 85 | 127.67 | 1 | 1 | 0.00 | 0.00 |
| Fine Arts - Other | 0 | 3 | 0 | 0 | 30 | 80 | 110.00 | 1 | 1 | 0.00 | 0.00 |
| Literature - American | 0 | 3 | 0 | 0 | 30 | 106 | 119.33 | 0 | 0 | 0.00 | 0.00 |
| Fine Arts - Classical Music and Opera | 0 | 2 | 0 | 0 | 20 | 92 | 118.00 | 0 | 1 | 0.00 | 0.00 |
| Geography | 0 | 2 | 0 | 0 | 20 | 103 | 117.50 | 0 | 1 | 0.00 | 0.00 |
| Beliefs | 0 | 4 | 4 | 0 | 20 | 120 | 131.50 | 1 | 2 | 0.00 | 0.00 |
| Philosophy | 0 | 2 | 1 | 0 | 15 | 132 | 138.50 | 0 | 0 | 0.00 | 0.00 |
| Social Science | 0 | 1 | 0 | 0 | 10 | 89 | 89.00 | 0 | 1 | 0.00 | 0.00 |
| Modern World | 0 | 1 | 0 | 0 | 10 | 77 | 77.00 | 0 | 0 | 0.00 | 0.00 |
| Science - Earth | 1 | 0 | 1 | 0 | 10 | 63 | 63.00 | 1 | 1 | 0.00 | 0.00 |
| History - Other | 0 | 1 | 1 | 0 | 5 | 86 | 86.00 | 0 | 0 | 0.00 | 0.00 |
| History - US | 0 | 0 | 0 | 0 | 0 | 0.00 | 0 | 0 | 0.00 | 0.00 | |
| Literature - British | 0 | 0 | 0 | 0 | 0 | 0.00 | 0 | 0 | 0.00 | 0.00 | |
| History - European | 0 | 0 | 1 | 0 | -5 | 0.00 | 0 | 0 | 0.00 | 0.00 |